Les meilleurs défenseurs de l'histoire - Statistiques

Statistiques générales
  • Ce quiz a été pris 512 fois
  • Le résultat moyen est 16 sur 50
Statistiques - réponses
Pays Joueur Club % Correct
Espagne Ramos Real Madrid (Seville)
94%
Italie Maldini AC Milan
92%
Espagne Puyol Barcelone
88%
Brésil Roberto Carlos Real Madrid
77%
Espagne Piqué Barcelone
68%
Brésil Marcelo Real Madrid (Fluminense)
66%
Brésil Cafu AC Milan
61%
Italie Nesta AC Milan
61%
Pays-Bas Virgil van Dijk Liverpool
61%
Allemagne Beckenbauer Bayern Munich
57%
Italie Cannavaro Parme
52%
Brésil Dani Alves Barcelone
52%
Angleterre Ferdinand Manchester United
51%
Argentine Zanetti Inter Milan
49%
Serbie Vidic Manchester United
48%
France Blanc Montpellier
46%
Pays-Bas Koeman Barcelone
44%
Allemagne Lahm Bayern Munich
44%
Angleterre Terry Chelsea
43%
France Thuram Parme
43%
Italie Baresi AC Milan
40%
France Desailly Chelsea
36%
Espagne Hierro Real Madrid
34%
France Evra Manchester United
32%
Mexique Marquez Barcelone
31%
France Abidal Barcelone
30%
Angleterre Cole Chelsea
26%
Brésil Lucio Bayern Munich
26%
Pays-Bas Stam Manchester United
21%
Brésil Carlos Alberto Santos
16%
Angleterre Bobby Moore West Ham
15%
Angleterre Campbell Tottenham Hotspur
15%
Brésil Maicon Inter Milan
15%
Italie Zambrotta Juventus
15%
Allemagne Sammer Dortmund
9%
Angleterre Carragher Liverpool
8%
Italie Costacurta AC Milan
8%
Argentine Walter Samuel Inter Milan
8%
Argentine Passarella River Plate
7%
Argentine Ayala Valence
4%
Italie Facchetti Inter Milan
4%
Italie Scirea Borussia M'gladbach
3%
Italie Bergomi Inter Milan
2%
Pays-Bas Krol Ajax Amsterdam
2%
Allemagne Breitner Bayern Munich
1%
Chili Figueroa Internacional
1%
Espagne José Antonio Camacho Real Madrid
1%
Argentine Ruggeri Boca Juniors
1%
Allemagne Vogts Borussia M'gladbach
1%
Pérou Chumpitaz Universitario
0%
Aucun quiz correspondant
Distribution des résultats
% des personnes avec chaque résultat
Percentile par nombre de réponses
Votre historique - résultats
Vous n’avez pas pris ce quiz